000 01923cam a2200385 i 4500
001 19401124
003 OSt
005 20230901120712.0
008 161202s2017 cau b 001 0 eng c
010 _a 2016055522
020 _a9789354358531
020 _a9781503601789 (cloth : alk. paper)
040 _aCSt/DLC
_beng
_cCSt
_erda
_dDLC
042 _apcc
050 0 0 _aHG4521
_b.M765 2017
082 0 0 _a332.6
_bMON/R
100 1 _aMonk, Ashby H. B.
_q(Ashby Henry Benning),
_d1976-
_eauthor.
_99386
245 1 0 _aReframing finance :
_bnew models of long-term investment management /
_cAshby Monk, Rajiv Sharma, Duncan L. Sinclair.
264 1 _aStanford, California :
_bStanford Economics and Finance, an imprint of Stanford University Press,
_c[2017]
300 _axvi, 193 pages ;
_c23 cm
336 _atext
_2rdacontent
337 _aunmediated
_2rdamedia
338 _avolume
_2rdacarrier
504 _aIncludes bibliographical references (pages 165-186) and index.
505 0 _aA collaborative model for long-term investing -- Building an institutional investor's collaborative network and social capital -- Re-intermediating investment management -- New vehicles to drive the collaborative model -- The future of long-term institutional investment.
650 0 _aInstitutional investments
_xManagement.
650 0 _aInstitutional investors.
650 0 _aBusiness networks.
700 1 _aSharma, Rajiv,
_d1984-
_eauthor.
700 1 _aSinclair, Duncan L.,
_eauthor.
776 0 8 _iOnline version:
_aMonk, Ashby H. B. (Ashby Henry Benning), 1976- author.
_tReframing finance
_dStanford, California : Stanford Economics and Finance, an imprint of Stanford University Press, 2017
_z9781503602755
_w(DLC) 2016057160
906 _a7
_bcbc
_corignew
_d1
_eecip
_f20
_gy-gencatlg
942 _2ddc
_cBK
_h332.6
_iMON/R
_k332.6
_mMON/R
999 _c42040
_d42040